000 05194namaa22004331i 4500
003 OSt
005 20260608115320.0
008 250827s2024 ua a|||frm||| 000 0 eng d
040 _aEG-GICUC
_bara
_cEG-GICUC
_dEG-GICUC
_erda
041 0 _aara
_bara
_beng
049 _aإيداع
082 0 4 _a739
092 _a739
_221
097 _aمــــاجستير
099 _aCai01.25.01.M.Sc.2024.شا.إ
100 0 _a،شاريهان زهير عبد العليم سليمان
_eإعداد.
245 1 2 _aالإمكانات التشكيلية للتوليف بين الأسلاك والشرائح المعدنية وخامات النخيل كمدخل لاستلهام مشغولات معدنية لطلاب مرحلة ما قبل التعليم الجامعي /
_cإعداد شاريهان زهير عبد العليم سليمان؛ إشراف أ.م.د/ علام محمود علام محمد، د/ مروي عبد العاطي.
246 1 5 _aThe plastic capabilities of the synthesis between wires ,metal strips ,date palm ores and their effects ,inspired by contemporary metal woke for pre university students /
264 0 _c2024.
300 _a188+7 صفحة :
_bإيضاحيات ؛
_c25 سم. +
_eCD.
336 _atext
_2rda content
337 _aUnmediated
_2rdamedia
338 _avolume
_2rdacarrier
502 _aأطروحة (ماجستير)-جامعة القاهرة، 2024.
504 _aببليوجرافيا: صفحات 1-7.
520 _aيهدف هذا البحث إلي " الإمكانات التشكيلية للتوليف بين الأسلاك والشرائح المعدنية وخامات النخيل كمدخل لاستلهام مشغولات معدنية لطلاب مرحلة ما قبل التعليم الجامعي ".ولقد تناولت الدارسة في الفصل الأول موضوع البحث ويشتمل علي مقدمة البحث ومشكلته وفروضه وأهدافه ثم أهميته وحدوده كما يتضمن منهج البحث واجراءاته والمصطلحات والدراسات المرتبطة به ،كما تناولت الدارسة في الفصل الثاني مفهوم التوليف بالخامات ودور الخامة وأساليب التوليف في المشغولة المعدنية ،بعد ذلك تناولت الدارسة عرض للتطور التاريخي للتوليف عبر العصور المختلفة ،قامت الدارسة في الفصل الثالث بتحليل أعمال فنية قائمة علي توليف الخامات والتي تبلغ عددها ثمانية عشر عملاً .ذكرت الدارسة في الفصل الرابع الممارسات التجريبية علي الأسلاك والشرائح المعدنية وخامات النخيل ،وفي الفصل الخامس قامت الدارسة بتجربة استكشافية وممارسات تطبيقية ذاتية وتوصيفها وتحليلها فنياً ،بعد ذلك قامت الدارسة بالممارسات التطبيقية علي بعض طلاب مرحلة ما قبل التعليم الجامعي ( المرحلة الثانوية ).
520 _aThis research aims at " The plastic capabilities of the synthesis between wires , metal strips , date palm ores and their effects , inspired by contemporary metal woke for pre university students."The study looked at the topic of the research in Chapter 1, which includes the introduction to the research , its problem , its imposition , its objectives , its relevance and limitations, as well as the research curriculum , procedures , terminology and related studies.In Chapter 2 ,The study also looked at the concept of synthesis of ore , the role of raw materials and synthesis methods in mineral occupants.Then ,The study looked at a presentation of the historical development of synthesis over different times.In Chapter 3 , the study analyzed 18 works of art based on synthesis of ore.In Chapter 4 , the study mentioned experimental practices on wire , metal slides and palm ores. In Chapter 5 ,the study conducted exploratory experimentation and self-applied practices and described and analyzed them technically. Then , the study carried out applied practices on some pre-university students ( secondary level ).
530 _aصدر أيضًا كقرص مدمج.
546 _aالنص بالعربية والملخص باللغة الإنجليزية والعربية.
650 7 _aالتعليم المهنى
_2qrmak
650 7 _aالاشغال الفنية للمعادن
653 0 _aالتوليف
_aالمشغولات المعدنية
_aخامات النخيل
700 0 _aعلام محمود علام محمد
_eمشرف أطروحة.
700 0 _aمروي عبد العاطي
_eمشرف أطروحة.
900 _b24-12-2024
_cعلام محمود علام محمد
_cمروي عبد العاطي
_dأحمد سيد مرسي
_dهند خلف مرسي
_Uجامعة القاهرة
_Fكلية التربية النوعية
_Dقسم التربية الفنية
905 _aSara
_eAfaf
942 _2ddc
_cTH
_e21
_n0
999 _c180127